Normal view
MARC view
- Supervison DR SHOAB A.KHAN
Entry Personal Name
001 - CONTROL NUMBER
- control field: 70177
003 - CONTROL NUMBER IDENTIFIER
- control field: NUST
005 - DATE AND TIME OF LATEST TRANSACTION
- control field: 20210628204408.0
008 - FIXED-LENGTH DATA ELEMENTS
- fixed length control field: 210628|| aca||aabn | a|a d
040 ## - CATALOGING SOURCE
- Original cataloging agency: NUST
- Transcribing agency: NUST
100 ## - HEADING--PERSONAL NAME
- Personal name: Supervison DR SHOAB A.KHAN
670 ## - SOURCE DATA FOUND
- Source citation: Work cat.: (NUST): SALEHA SAMAD 70176, TH-SOF-1102-Orientation In-Variance object Recognition using Geometric Moments and Color Histograms , 2014
